000 00518nam a22001577a 4500
005 20251108164349.0
008 250721s1981 xx 000 0 ara d
082 1 4 _a510/عدن
100 1 _aعوض، عدنان
245 1 0 _aالرياضيات العامة مع تطبيقات في الإقتصاد و الإدارة العامة /
264 1 _aإربد :
_bجامعة اليرموك - دائرة الإحصاء،
_c1981.
300 _a154ص
650 1 7 _aالرياضيات
942 _2ddc
_cBK
999 _c10340
_d10340